| 000 | 01380 a2200241 4500 | ||
|---|---|---|---|
| 003 | Nust | ||
| 005 | 20221007185125.0 | ||
| 010 | _a 2005043648 | ||
| 020 | _a1580538673 (alk. paper) | ||
| 040 | _cNust | ||
| 082 | 0 | 0 | _a681.2,WIR |
| 100 | 1 |
_aBulusu, Nirupama. _999550 |
|
| 245 | 1 | 0 |
_aWireless sensor networks / _cNirupama Bulusu, Sanjay Jha, editors. |
| 260 |
_aBoston, MA : _bArtech House, _c2005. |
||
| 300 |
_axv, 321 p. : _bill. ; _c26 cm. |
||
| 490 | 1 | _aArtech House microelectromechanical systems (MEMS) series | |
| 505 | _aIntroduction to Wireless Sensor Networks (Page-1), Potential Field Methods for Mobile-Sensor-Network Deployment (Page-21), Sensor Fault Detection and Calibration (Page-35), Localization (Page-45), Time Synchronization (Page-59), Energy Conservation in Sensor Networks at the Network Layers (Page-75), Multihop Routing (Page-87), Reliable Transmission and Congestion Control (Page-99), Energy-Harvesting-Aware Power Management (Page-119), Sensor-Coordinated Actuation (Page-133), Sensor-Network Tomography (Page-145), Enabling Data –and Event (Page-157), Storage Issues in Sensor Network (Page-177), A Whole-Network Approach to Sensor (Page-191). | ||
| 650 | 0 |
_aSensor networks. _994573 |
|
| 650 | 0 |
_aWireless LANs. _994460 |
|
| 700 | 1 |
_aJha, Sanjay. _999551 |
|
| 830 | 0 |
_aMicroelectromechanical systems series. _999541 |
|
| 942 |
_cREF _2ddc |
||
| 999 |
_c178778 _d178778 |
||